000 00624nam a22002177a 4500
003 UA-OsUOA
001 116315
007 ta
008 20160225b un ||||| |||| 00| 0 ukr d
100 _aМатвійчук У.
090 _a82
_bМ33
942 _cSA
040 _aUA-OsUOA
_bukr
_cUA-OsUOA
_dUA-OsUOA
245 _aПерспективи інтерпритації літературних творів крізь призму музики
300 _aС.80-87
955 _a0
041 _aukr
080 _a82
773 0 _w116311
650 7 _a82 Література. Літературознавство
_2UDC
999 _c402195
_d402195